000 00790na a2200229 4500
001 18684
003 MIRAKIL
005 20181213155043.0
008 161124b tu 000 0
040 _aMilas
_btur
_cTR-AnCHP
041 _atur
082 _a351.1325026
_bK25 1994
090 _a351.1325026 K25 1994
245 _aKamu personeli yabancı dil bilgisi seviye tespit sınavı ile ilgili mevzuat ve uygulaması
_cHazırlayan Ali Enver Dudu
260 _aAnkara
_bBaşbakanlık
_c1994
300 _a66 s.
_c21 sm.
490 _aDevlet Personel Başkanlığı
_v197
650 _aPersonel yönetimi
_xYabancı dil sınavları
_yHukuk ve mevzuat
650 _aKamu personelleri
_xSeçme işlemleri
_yHukuk ve mevuzat
710 _aDevlet Personel Başkanlığı
942 _2ddc
_cBKS
999 _c5668
_d5668